Ночевала тучка золотая: Повесть

التفاصيل البيبلوغرافية
المؤلف الرئيسي: Приставкин А. И. Анатолий Игнатьевич
الملخص:Исключено из фонда НТБ ТПУ
اللغة:الروسية
منشور في: Москва, Художественная литература, 1989
سلاسل:Роман-газета для юношества 2/1989
التنسيق: كتاب
KOHA link:https://koha.lib.tpu.ru/cgi-bin/koha/opac-detail.pl?biblionumber=145120

MARC

LEADER 00000nam0a2200000 4500
001 145120
005 20231101221134.0
010 |a 5280013137 
020 |a RU  |b 89-33054ж 
035 |a (RuTPU)RU\TPU\book\157281 
090 |a 145120 
100 |a 20081013a19899999e y0rusy5003 ca 
101 0 |a rus 
102 |a RU 
105 |a c z 000ay 
200 1 |a Ночевала тучка золотая  |e Повесть  |f А. И. Приставкин 
210 |a Москва  |c Художественная литература  |d 1989 
215 |a 254,[1] с.  |d 20 см  |c портр. 
225 1 |a Роман-газета для юношества  |v 2/1989 
333 |a Исключено из фонда НТБ ТПУ 
700 1 |a Приставкин  |b А. И.  |c русский писатель  |f 1931-2008  |g Анатолий Игнатьевич  |9 5357 
801 0 |a RU  |b RuMRKP  |c 19950417  |g psbo 
801 1 |a RU  |b 63413507  |c 20081013  |g PSBO 
801 2 |a RU  |b 63413507  |c 20201202  |g PSBO 
942 |c BK